000 00832nam a2200253Ia 4500
003 OSt
005 20220923211353.0
006 a|||||r|||| 00| 0
007 ta
008 Pun
020 _a9788186745380 (hbk)
_c200
024 _a284,643
037 _b934, 23/03/2015, H.K. Prakashan
_cTextual
040 _aARTS
_cARTS
_bPun
041 _2Pun
_aPun
082 _aO153,2:g, Q1
100 _aਸਿੰਘ, ਅਮਰਜੀਤ
_9156291
245 0 _aਸੇਖੋ੍ਵ ਹਰਚਰਨ ਸਿੰਘ ਤੇ ਗਾਰਗੀ
260 _aਦਿੱਲੀ
_b ਸਤਵੰਤ ਬੁਕ ਏਜੰਸੀ
_c2011
300 _a120ਪੰ
_ccm.
650 _aਪੰਜਾਬੀ ਸਾਹਿਤ
942 _hO153,2:g, Q1
_cTEXL
_2CC
999 _c298868
_d298868